One Piece Random Devil Fruit User - Statistics

General Stats
  • This quiz has been taken 578 times
  • The average score is 11 of 20
Answer Stats
Devil Fruit User % Correct
Cat-Cat Fruit, Model: Leopard Rob Lucci
96%
Flame-Flame Fruit Portgas D. Ace (Former) and Sabo
93%
Human-Human Fruit Tony Tony Chopper
93%
Wax-Wax Fruit Galdino
91%
Ice-Ice Fruit Kuzan
89%
Dark-Dark Fruit Marshall D. Teach
89%
Human-Human Fruit, Model: Nika Monkey D. Luffy
89%
Love-Love Fruit Boa Hancock
88%
Mochi-Mochi Fruit Charlotte Katakuri
88%
Paw-Paw Fruit Bartholomew Kuma
87%
Tremor-Tremor Fruit Edward Newgate (Former) and Marshall D. Teach
87%
Bird-Bird Fruit, Model: Phoenix Marco
86%
Magma-Magma Fruit Sakazuki
86%
Sand-Sand Fruit Sir Crocodile
85%
Op-Op Fruit Trafalgar D. Water Law
85%
Brain-Brain Fruit Vegapunk
85%
Venom-Venom Fruit Magellan
84%
Castle-Castle Fruit Capone Bege
82%
Shadow-Shadow Fruit Gecko Moria
82%
Ox-Ox Fruit, Model: Giraffe Kaku
82%
Mirror-Mirror Fruit Charlotte Brûlée
81%
Soul-Soul Fruit Charlotte Linlin and Carmel(Former)
81%
Revive-Revive Fruit Brook
80%
Magnet-Magnet Fruit Eustass Kid
80%
Fish-Fish Fruit, Model: Azure Dragon Kaido
79%
Chop-Chop Fruit Buggy
78%
Slow-Slow Fruit Foxy
78%
Bird-Bird Fruit, Model: Falcon Pell
78%
Dragon-Dragon Fruit, Model:Brachiosaurus Queen
78%
Door-Door Fruit Blueno
77%
String-String Fruit Donquixote Doflamingo
77%
Elephant-Elephant Fruit, Model: Mammoth Jack
77%
Bomb-Bomb Fruit Gem
75%
Age-Age Fruit Jewelry Bonney
74%
Heat-Heat Fruit Charlotte Oven
73%
Snow-Snow Fruit Monet
73%
Smooth-Smooth Fruit Alvida
72%
Glint-Glint Fruit Borsalino
72%
Straw-Straw Fruit Basil Hawkins
71%
Swamp-Swamp Caribou
71%
Lick-Lick Fruit Charlotte Perospero
71%
Kilo-Kilo Fruit Mikita
70%
Munch-Munch Fruit Wapol
70%
Clone-Clone Fruit Bentham and Kurozumi Higurashi(Former)
69%
Clear-Clear Fruit Absalom (Former) and Shiryu
68%
Woods-Woods Fruit Aramaki
68%
Dragon-Dragon Fruit, Model: Pteranodon King
68%
Hollow-Hollow Fruit Perona
68%
Sick-Sick Fruit Doc Q
67%
Snake-Snake Fruit, Model:Yamata no Orochi Kurozumi Orochi
66%
Spring-Spring Fruit Bellamy
64%
Gas-Gas Fruit Caesar Clown
64%
Stone-Stone Fruit Pica
64%
Arms-Arms Fruit Baby 5
63%
Barrier-Barrier Fruit Bartolomeo
63%
Dice-Dice Fruit Daz Bonez
63%
Mutt-Mutt Fruit, Model: Wolf Jabra
63%
Strong-Strong Fruit Jesus Burgess
63%
Flower-Flower Fruit Nico Robin
63%
Hobby-Hobby Fruit Sugar
63%
Mutt-Mutt Fruit, Model: Okuchi no Makami Yamato
62%
Bubble-Bubble Fruit Kalifa
61%
Spider-Spider Fruit, Model: Rosamygale grauvogeli Black Maria
60%
Human-Human Fruit, Model: Daibutsu Sengoku
60%
Float-Float Fruit Shiki
60%
Swim-Swim Fruit Senor Pink
58%
Rumble-Rumble Fruit Enel
57%
Ox-Ox Fruit, Model: Bison Dalton
56%
Cage-Cage Fruit Hina
56%
Huge-Huge Fruit Sanjuan Wolf
56%
Egg-Egg Fruit Tamago
56%
Dragon-Dragon Fruit, Model:Pachycephalosaurus Ulti
56%
Memo-Memo Fruit Charlotte Pudding
55%
Dragon-Dragon Fruit, Model: Spinosaurus Page One
55%
Mutt-Mutt Fruit, Model: Jackal Chaka
54%
Wash-Wash Fruit Tsuru
53%
Snake-Snake Fruit, Model: Anaconda Boa Sandersonia
51%
Turtle-Turtle Fruit Pekoms
51%
Snake-Snake Fruit, Model: King Cobra Boa Marigold
50%
Bis-Bis Fruit Charlotte Cracker
50%
Bird-Bird Fruit, Model: Albatross Morgans
50%
Dragon-Dragon Fruit, Model: Allosaurus X Drake
49%
Isle-Isle Fruit Avalo Pizarro
48%
Soot-Soot Fruit Karasu
47%
Mark-Mark Fruit Vander Decken IX
47%
Book-Book Fruit Charlotte Mont D'Or
45%
Heal-Heal Fruit Mansherry
45%
Dragon-Dragon Fruit, Model:Triceratops Sasaki
45%
Cat-Cat Fruit, Model: Saber-Toothed Tiger Who's Who
45%
Spike-Spike Fruit Zala
45%
Stitch-Stitch Fruit Leo
44%
Warp-Warp Fruit Van Augur
44%
Spin-Spin Fruit Buffalo
43%
Horm-Horm Fruit Emporio Ivankov
43%
Time-Time Fruit Kozuki Toki
43%
Tone-Tone Fruit Scratchmen Apoo
43%
Mutt-Mutt Fruit, Model: Nine-Tailed Fox Catarina Devon
40%
Calm-Calm Fruit Donquixote Rosinante
40%
Pop-Pop Fruit Gladius
40%
Horse-Horse Fruit Pierre
40%
Plume-Plume Fruit Smoker
40%
Garb-Garb Fruit Kin'emon
39%
Wring-Wring Fruit Charlotte Smoothie
38%
Snip-Snip Fruit Inazuma
38%
Art-Art Fruit Giolla
37%
Brush-Brush Fruit Kurozumi Kanjuro
37%
Ton-Ton Fruit Machvise
36%
Elephant-Elephant Fruit Funkfreed
35%
Glug-Glug Fruit Vasco Shot
35%
Glare-Glare Fruit Viola
35%
Ripe-Ripe Fruit Shinobu
34%
Sala-Sala Fruit, Model: Axolotl Smiley
33%
Cream-Cream Fruit Charlotte Opera
32%
Twinkle-Twinkle Fruit Jozu
32%
Jacket-Jacket Fruit Kelly Funk
32%
Mole-Mole Fruit Miss Merry Christmas
32%
Scroll-Scroll Fruit Raizo
31%
Cook-Cook Fruit Streusen
30%
Stick-Stick Fruit Trebol
30%
Ripple-Ripple Fruit Diamante
28%
Human-Human Fruit, Model: Onyudo Onimaru
28%
Rust-Rust Fruit Shu
28%
Butter-Butter Fruit Charlotte Galette
26%
Millet-Millet Fruit Tama
26%
Pump-Pump Fruit Belo Betty
24%
Puff-Puff Fruit Charlotte Daifuku
24%
Whip-Whip Fruit Kujaku
24%
Berry-Berry Fruit Very Good
23%
Press-Press Fruit Fujitora
22%
Mutt-Mutt Fruit, Model: Dachshund Lassoo
21%
Bug-Bug Fruit, Model:Rhinoceros Beetle Kabu
20%
Push-Push Fruit Morley
20%
Pocket-Pocket Fruit Blamenco
18%
Pile-Pile Fruit Charlotte Newshi
18%
Ride-Ride Fruit Bluegrass
12%
Glorp-Glorp Fruit Prince Grus
12%
Wheel-Wheel Fruit Sharinguru
12%
Bug-Bug Fruit, Model:Hornet Bian
11%
Mutt-Mutt Fruit, Model: Tanuki Bunbuku
6%
Horse-Horse Fruit. Model: Pegasus Marco
0%
No matching quizzes found
Score Distribution
Percent of People with Each Score
Percentile by Number Answered
Your Score History
You have not taken this quiz